000
00274nam a2200109Ia 4500
008
220204s9999 xx 000 0 und d
082
_a
504
_b
MAN
100
_a
Maneka Gandhi
245
4
_a
The Second heads and tails
260
_a
Goa
_b
The Other India Press
_c
1996
942
_c
BK
999
_c
41646
_d
41646